000 00764nam a2200217Ii 4500
003 JO-AjNU
008 230605s9999||||xx |||||||||||||| ||und||
017 _a2008/833
020 _a977-5673-84-4
040 _aJO-AjNU
_bara
_erda
_cJO-AjNU
041 _aara
050 1 4 _aBF637.N4.T4242.2008
100 3 _aإدريس،ثابت عبد الرحمن,
_eauthor
_932843
245 0 0 _aمهارات التفاوض الفعال :استراتيجيات وتكتيكات عملية التفاوض
264 3 1 _aالقاهرة:المنظمة العربية للتنمية الادارية ،2008
300 _a234ص
336 _atext
_btxt
_2rdacontent
337 _aunmediated
_bn
_2rdamedia
338 _avolume
_bnc
_2rdacarrier
650 4 _aالادارة
_932844
999 _aA13305
_c16873
_d16873